Public finance and public policy
The new edition, fully updated with the most recent data and research possible, includes new coverage of the Medicare drug benefit, changes in the tax code, Hurricane Katrina, and the ongoing debate over privatization.
Salvato in:
| Autore principale: | |
|---|---|
| Natura: | Libro |
| Lingua: | Undetermined |
| Pubblicazione: |
New York, NY
Worth Publishers
2007
|
| Soggetti: | |
| Tags: |
Aggiungi Tag
Nessun Tag, puoi essere il primo ad aggiungerne! !
|
| Thư viện lưu trữ: | Trung tâm Học liệu Trường Đại học Cần Thơ |
|---|
| LEADER | 00787nam a2200217Ia 4500 | ||
|---|---|---|---|
| 001 | CTU_186919 | ||
| 008 | 210402s9999 xx 000 0 und d | ||
| 082 | |a 336.73 | ||
| 082 | |b G885 | ||
| 100 | |a Gruber, Jonathan | ||
| 245 | 0 | |a Public finance and public policy | |
| 245 | 0 | |c Jonathan Gruber | |
| 260 | |a New York, NY | ||
| 260 | |b Worth Publishers | ||
| 260 | |c 2007 | ||
| 520 | |a The new edition, fully updated with the most recent data and research possible, includes new coverage of the Medicare drug benefit, changes in the tax code, Hurricane Katrina, and the ongoing debate over privatization. | ||
| 526 | |a Tài chính công nâng cao | ||
| 526 | |b KT924 | ||
| 650 | |a Taxation,Thuế | ||
| 910 | |a Hải | ||
| 980 | |a Trung tâm Học liệu Trường Đại học Cần Thơ | ||